00667nam a2200169 i 450000100060000000300090000600500170001500700030003200800410003510000330007624501360010926000600024530000220030585200320032799900170035995201210037630563ES-MaACL20230906154220.0t|030124s1955 sp ||||1| spa d1 aBartina, Sebastián.92613610aVerso y versificación b: tratado de métrica castellana con un apéndice complementario de preceptiva / cSebastián Bartina. aBarcelona : bDalmau y Jover, c1955 (fRafael Salvá) a216 p. ; c20 cm. aES-MaACLjC-11796 bR.39191 c30563d30563 00104070aATENEOMbATENEOMcSPALd2008-01-17eSCl0oC-11796p1031560r2023-02-23 00:00:00w2023-02-23yMONOGRAFIA